|
|
|
|
| LEADER |
00000nab a2200000 a 4500 |
| 001 |
vtls000553687 |
| 003 |
SK-MaSNL |
| 005 |
20260304234027.0 |
| 008 |
140302c1995 xo 0 slo |
| 015 |
|
|
|a SNBRB19rr/mm-uuuuu
|
| 035 |
|
|
|a CL0553825
|
| 040 |
|
|
|a SNKBUCL
|b slo
|c SNKBUCL
|e AACR2
|
| 041 |
0 |
|
|a slo
|
| 044 |
|
|
|a xo
|c SK
|
| 080 |
|
|
|a 37.03:17.021.1:301.151
|2 1981
|
| 080 |
|
|
|a 301.151.52/.53
|2 1981
|
| 100 |
1 |
|
|a Kopasová, Dorota,
|d 1944-
|4 aut
|9 120576
|
| 245 |
1 |
0 |
|a Rezervy etickej výchovy
|b Prosociálne správanie, vývin a možnosti jeho rozvoja u detí predškolského veku
|c Dorota Kopasová
|
| 500 |
|
|
|a Článok obsahuje výberovú odbornú bibliografiu
|
| 650 |
0 |
7 |
|a etická výchova
|2 snkbucl
|9 4075
|
| 650 |
0 |
7 |
|a prosociálne správanie
|2 snkbucl
|9 49610
|
| 655 |
|
7 |
|a články z novín a časopisov
|2 snkbucl
|9 267496
|
| 773 |
0 |
|
|t Učiteľské noviny
|g Roč. 45, č. 11 (1995), s. 10
|
| 850 |
|
|
|a Slovenská národná knižnica v Martine
|a MTA001
|
| 852 |
|
|
|a SNK
|b KIS3GCP
|
| 958 |
|
|
|a RK
|
| 992 |
|
|
|a RBX
|
| 999 |
|
|
|c 3201625
|d 3203555
|